| 000 | 01767nam0a2200349 4500 | ||
|---|---|---|---|
| 001 | RU\NLR\bibl\955817 | ||
| 005 | 20260406073531.0 | ||
| 010 |
_a5-352-01768-0 _95000 |
||
| 021 |
_aRU _b2006-20297 _91015 |
||
| 035 | _a(nilc)RSL-KNO-002872767 | ||
| 035 | _a(NLR Aleph) 000943882 | ||
| 090 |
_a237026 _c237026 |
||
| 100 | _a20060424d2006 |||y0rusy50 ca | ||
| 101 | 1 |
_arus _cfre |
|
| 102 | _aRU | ||
| 105 | _ay ||||||||| | ||
| 106 | _ar | ||
| 200 | 1 |
_aСтрах _eфр. гот. проза _f[пер. с фр. Е. Гунста и др.] |
|
| 210 |
_aСанкт-Петербург _cАзбука-классика _d2006 _eЧехов (Моск. обл.) _gЧеховский полиграфкомбинат |
||
| 215 |
_a315, [2] с. _d18 |
||
| 225 | 1 | _aАзбука-классика | |
| 610 | 0 | _aФилологические науки. Художественная литература -- Франция -- Французская литература -- кон. 18 - 19 вв. (1789-1871) -- Произведения художественной литературы -- Художественная проза -- Романы. Повести. Рассказы -- Фантастические и мистические романы, повести, рассказы. Романы ужасов -- Сборники разных авторов | |
| 686 |
_aШ5(4Фр)52-644.5я43 _2rubbk |
||
| 686 | _aШ6(4Фр)07-440.5{Лх1640-80} | ||
| 702 | 1 |
_4730 _aГунст _bЕ. А. _cпереводчик _f1901-1983 _gЕвгений Анатольевич _3RU\NLR\AUTH\770133221 _9133187 |
|
| 801 | 0 |
_aRU _bРКП _c20060424 _grcr |
|
| 801 | 1 |
_aRU _bРГБ _c20060424 |
|
| 801 | 2 |
_aRU _bNLR _c20060601 _grcr |
|
| 942 | _cBOOK | ||
| 980 | _aNB | ||